Attack : an infantry subaltern's impression of July 1st, 1916 /

Bibliographic Details
Main Author: Liveing, Edward G. D. (Edward George Downing), 1895-1963
Format: Book
Language:English
Published: New York : Macmillan Co., 1918.
Subjects:

MARC

Tag First Indicator Second Indicator Subfields
LEADER 00000cam a2200000I 4500
001 in00002362521
005 20151109040223.0
008 770503s1918 nyu 000 0 eng
010 |a  18008679  
035 |a (OCoLC)ocm02937957 
035 |a (OCoLC)2937957 
040 |a DLC  |c DMM  |d OCL  |d OCLCQ  |d TXA  |d UtOrBLW 
049 |a TXAM 
050 0 0 |a D545.S7  |b L5 
090 |a D545.S7  |b L5 1918 
092 |a 940.48342  |b L784 
100 1 |a Liveing, Edward G. D.  |q (Edward George Downing),  |d 1895-1963. 
245 1 0 |a Attack :  |b an infantry subaltern's impression of July 1st, 1916 /  |c by Edward G.D. Liveing; with an introduction by John Masefield. 
264 1 |a New York :  |b Macmillan Co.,  |c 1918. 
300 |a 114 pages ;  |c 20 cm. 
336 |a text  |b txt  |2 rdacontent 
337 |a unmediated  |b n  |2 rdamedia 
338 |a volume  |b nc  |2 rdacarrier 
500 |a "Appeared in Blackwood's magazine, December, 1917, under the title of 'Battle'." 
500 |a Describes the attack on the fortified village of Commecourt which began the battle of the Somme. 
500 |a Cushing Library Ragan Military copy part of the Alan Culpin Military History Collection. 
500 |a The Cushing Library Ragan Military copy contains ephemera. 
650 0 |a World War, 1914-1918  |v Personal narratives, English. 
650 0 |a Somme, 1st Battle of the, France, 1916. 
994 |a C0  |b TXA 
948 |a cataloged  |b h  |c 2008/3/6  |d c  |e blrosas  |f 12:03:24 pm 
999 |a MARS 
999 f f |s 9a17cfa5-8b69-30e3-8452-00da93e336b3  |i 73c1f4b4-93ee-3f10-bc7a-5a18dcde841e  |t 0 
952 f f |p noncirc  |a Texas A&M University  |b College Station  |c Cushing Memorial Library & Archives  |d Cushing: Ragan Military (Does not check out)  |t 0  |e D545.S7 L5 1918  |h Library of Congress classification  |i unmediated -- volume  |m A14852131110 
998 f f |a D545.S7 L5 1918  |t 0  |l Cushing: Ragan Military (Does not check out)